[Event "DEM U16 2025"]
[Site "Willingen GER"]
[Date "2025.06.09"]
[Round "3"]
[White "Helms, Finn"]
[Black "Mester, Philipp"]
[Result "0-1"]
[Termination "normal"]
[Board "11"]
[WhiteElo "2153"]
[BlackElo "2162"]
[WhiteClock "00:18:22"]
[BlackClock "00:34:49"]
[PlyCount "98"]
[WhiteFideId "16249143"]
[BlackFideId "34624902"]
[EventCountry "GER"]
[EventRounds "9"]
[EventType "swiss"]
[EventDate "2025.06.07"]

1. e4 {[%clk 01:30:59]} e5 {[%clk 01:30:59]} {[%emt 00:00:02]} 2. Nf3 {[%clk
01:31:23]} {[%emt 00:00:06]} Nc6 {[%clk 01:31:26]} {[%emt 00:00:03]} 3. Bc4
{[%clk 01:31:24]} {[%emt 00:00:28]} Nf6 {[%clk 01:31:51]} {[%emt 00:00:05]} 4.
d3 {[%clk 01:31:44]} {[%emt 00:00:11]} Be7 {[%clk 01:32:16]} {[%emt 00:00:04]}
5. O-O {[%clk 01:27:45]} {[%emt 00:04:30]} O-O {[%clk 01:32:41]} {[%emt
00:00:04]} 6. Re1 {[%clk 01:22:59]} {[%emt 00:05:16]} d6 {[%clk 01:33:05]}
{[%emt 00:00:06]} 7. c3 {[%clk 01:22:37]} {[%emt 00:00:52]} Na5 {[%clk
01:32:40]} {[%emt 00:00:55]} 8. Bb5 {[%clk 01:22:33]} {[%emt 00:00:34]} a6
{[%clk 01:33:06]} {[%emt 00:00:04]} 9. Ba4 {[%clk 01:22:58]} {[%emt 00:00:05]}
c5 {[%clk 01:33:31]} {[%emt 00:00:06]} 10. Bc2 {[%clk 01:16:54]} {[%emt
00:06:34]} Nc6 {[%clk 01:31:52]} {[%emt 00:02:09]} 11. Nbd2 {[%clk 01:13:00]}
{[%emt 00:04:23]} h6 {[%clk 01:29:51]} {[%emt 00:02:31]} 12. Nf1 {[%clk
01:07:57]} {[%emt 00:05:33]} b5 {[%clk 01:25:26]} {[%emt 00:04:56]} 13. Ne3
{[%clk 00:59:32]} {[%emt 00:08:55]} Qb6 {[%clk 00:48:56]} {[%emt 00:36:59]} 14.
Nd5 {[%clk 00:50:31]} {[%emt 00:09:31]} Qb7 {[%clk 00:47:26]} {[%emt 00:02:01]}
15. d4 {[%clk 00:38:17]} {[%emt 00:12:44]} cxd4 {[%clk 00:46:51]} {[%emt
00:01:05]} 16. cxd4 {[%clk 00:35:39]} {[%emt 00:03:07]} Nxd5 {[%clk 00:46:28]}
{[%emt 00:00:53]} 17. exd5 {[%clk 00:33:05]} {[%emt 00:03:04]} Nxd4 {[%clk
00:45:40]} {[%emt 00:01:18]} 18. Nxd4 {[%clk 00:32:58]} {[%emt 00:00:37]} exd4
{[%clk 00:45:57]} {[%emt 00:00:13]} 19. Qd3 {[%clk 00:30:12]} {[%emt 00:03:17]}
f5 {[%clk 00:45:08]} {[%emt 00:01:19]} 20. Qxd4 {[%clk 00:29:26]} {[%emt
00:01:15]} Bf6 {[%clk 00:43:57]} {[%emt 00:01:41]} 21. Qd3 {[%clk 00:24:51]}
{[%emt 00:05:05]} Be5 {[%clk 00:37:32]} {[%emt 00:06:55]} 22. Rb1 {[%clk
00:13:51]} {[%emt 00:11:31]} Qf7 {[%clk 00:35:26]} {[%emt 00:02:35]} 23. Be3
{[%clk 00:12:58]} {[%emt 00:01:23]} Qf6 {[%clk 00:27:37]} {[%emt 00:08:20]} 24.
b4 {[%clk 00:06:08]} {[%emt 00:07:19]} Bd7 {[%clk 00:23:38]} {[%emt 00:04:29]}
25. f4 {[%clk 00:05:39]} {[%emt 00:00:59]} Bc3 {[%clk 00:23:54]} {[%emt
00:00:15]} 26. Rec1 {[%clk 00:04:15]} {[%emt 00:01:53]} Rfe8 {[%clk 00:23:31]}
{[%emt 00:00:53]} 27. Kh1 {[%clk 00:03:11]} {[%emt 00:01:34]} Bb2 {[%clk
00:21:45]} {[%emt 00:02:16]} 28. Rd1 {[%clk 00:02:54]} {[%emt 00:00:47]} Rac8
{[%clk 00:21:49]} {[%emt 00:00:26]} 29. Bg1 {[%clk 00:01:14]} {[%emt 00:02:09]}
Rc3 {[%clk 00:20:25]} {[%emt 00:01:55]} 30. Qd2 {[%clk 00:01:27]} {[%emt
00:00:17]} Rc4 {[%clk 00:19:24]} {[%emt 00:01:30]} 31. Bb3 {[%clk 00:00:44]}
{[%emt 00:01:13]} Bc3 {[%clk 00:19:42]} {[%emt 00:00:13]} 32. Qd3 {[%clk
00:00:59]} {[%emt 00:00:14]} Rxf4 {[%clk 00:18:43]} {[%emt 00:01:30]} 33. Rbc1
{[%clk 00:01:00]} {[%emt 00:00:29]} Bxb4 {[%clk 00:17:18]} {[%emt 00:01:55]}
34. Rc7 {[%clk 00:01:04]} {[%emt 00:00:26]} Re7 {[%clk 00:17:25]} {[%emt
00:00:24]} 35. g3 {[%clk 00:00:43]} {[%emt 00:00:51]} Rfe4 {[%clk 00:17:12]}
{[%emt 00:00:43]} 36. Bd4 {[%clk 00:00:59]} {[%emt 00:00:13]} Re1+ {[%clk
00:15:42]} {[%emt 00:02:00]} 37. Rxe1 {[%clk 00:01:07]} {[%emt 00:00:22]} Rxe1+
{[%clk 00:16:10]} {[%emt 00:00:03]} 38. Kg2 {[%clk 00:01:31]} {[%emt 00:00:05]}
Qe7 {[%clk 00:15:46]} {[%emt 00:00:53]} 39. Kf2 {[%clk 00:01:16]} {[%emt
00:00:46]} Re4 {[%clk 00:13:31]} {[%emt 00:02:45]} 40. a4 {[%clk 00:00:34]}
{[%emt 00:01:12]} Qd8 {[%clk 00:07:41]} {[%emt 00:06:20]} 41. Rc1 {[%clk
00:19:18]} {[%emt 00:11:46]} bxa4 {[%clk 00:36:59]} {[%emt 00:01:13]} 42. Bd1
{[%clk 00:18:55]} {[%emt 00:00:53]} Bb5 {[%clk 00:36:18]} {[%emt 00:01:10]} 43.
Qf3 {[%clk 00:18:26]} {[%emt 00:00:58]} Rxd4 {[%clk 00:34:54]} {[%emt
00:01:55]} 44. Qxf5 {[%clk 00:18:54]} {[%emt 00:00:02]} Qf8 {[%clk 00:34:43]}
{[%emt 00:00:40]} 45. Rc8 {[%clk 00:19:04]} {[%emt 00:00:21]} Be8 {[%clk
00:35:09]} {[%emt 00:00:04]} 46. Bc2 {[%clk 00:18:38]} {[%emt 00:00:57]} Qxf5+
{[%clk 00:34:28]} {[%emt 00:01:11]} 47. Bxf5 {[%clk 00:19:05]} {[%emt
00:00:02]} Kf7 {[%clk 00:34:40]} {[%emt 00:00:17]} 48. Be6+ {[%clk 00:17:59]}
{[%emt 00:01:37]} Ke7 {[%clk 00:35:02]} {[%emt 00:00:08]} 49. Rc7+ {[%clk
00:18:22]} {[%emt 00:00:07]} Kf6 {[%clk 00:34:49]} {[%emt 00:00:43]} 0-1

[Event "DEM U16 2025"]
[Site "Willingen GER"]
[Date "2025.06.09"]
[Round "3"]
[White "Sreeramulu, Aarush"]
[Black "Nönnig, Jakob"]
[Result "0-1"]
[Termination "normal"]
[Board "12"]
[WhiteElo "2032"]
[BlackElo "2096"]
[WhiteClock "00:01:10"]
[BlackClock "00:13:19"]
[PlyCount "70"]
[WhiteFideId "34610685"]
[BlackFideId "16289447"]
[EventCountry "GER"]
[EventRounds "9"]
[EventType "swiss"]
[EventDate "2025.06.07"]

1. d4 {[%clk 01:30:57]} {[%emt 00:00:02]} d5 {[%clk 01:30:50]} {[%emt
00:00:10]} 2. c4 {[%clk 01:31:16]} {[%emt 00:00:11]} e6 {[%clk 01:31:10]}
{[%emt 00:00:10]} 3. Nc3 {[%clk 01:31:38]} {[%emt 00:00:07]} Nf6 {[%clk
01:31:30]} {[%emt 00:00:11]} 4. cxd5 {[%clk 01:31:29]} {[%emt 00:00:39]} exd5
{[%clk 01:31:50]} {[%emt 00:00:10]} 5. Bg5 {[%clk 01:31:53]} {[%emt 00:00:06]}
Be7 {[%clk 01:32:10]} {[%emt 00:00:09]} 6. e3 {[%clk 01:32:18]} {[%emt
00:00:06]} O-O {[%clk 01:32:31]} {[%emt 00:00:09]} 7. Bd3 {[%clk 01:32:06]}
{[%emt 00:00:42]} Nbd7 {[%clk 01:32:40]} {[%emt 00:00:22]} 8. Qc2 {[%clk
01:32:08]} {[%emt 00:00:28]} Re8 {[%clk 01:32:41]} {[%emt 00:00:28]} 9. Nf3
{[%clk 01:32:21]} {[%emt 00:00:16]} Nf8 {[%clk 01:32:33]} {[%emt 00:00:38]} 10.
O-O {[%clk 01:32:04]} {[%emt 00:00:48]} c6 {[%clk 01:32:50]} {[%emt 00:00:13]}
11. h3 {[%clk 01:27:55]} {[%emt 00:04:39]} Be6 {[%clk 01:31:30]} {[%emt
00:01:50]} 12. a3 {[%clk 01:20:56]} {[%emt 00:07:29]} Rc8 {[%clk 01:30:50]}
{[%emt 00:01:10]} 13. Na4 {[%clk 01:18:07]} {[%emt 00:03:19]} b6 {[%clk
01:24:25]} {[%emt 00:06:56]} 14. Bf4 {[%clk 01:14:22]} {[%emt 00:04:14]} Bd6
{[%clk 01:21:58]} {[%emt 00:02:57]} 15. Bxd6 {[%clk 01:12:48]} {[%emt
00:02:03]} Qxd6 {[%clk 01:22:22]} {[%emt 00:00:07]} 16. b4 {[%clk 01:12:44]}
{[%emt 00:00:33]} Ng6 {[%clk 01:13:58]} {[%emt 00:08:55]} 17. Rfc1 {[%clk
01:05:28]} {[%emt 00:07:46]} Ne4 {[%clk 01:11:09]} {[%emt 00:03:19]} 18. Ba6
{[%clk 00:56:51]} {[%emt 00:09:07]} Rc7 {[%clk 01:10:53]} {[%emt 00:00:46]} 19.
Nc3 {[%clk 00:56:53]} {[%emt 00:00:28]} Ree7 {[%clk 01:07:14]} {[%emt
00:04:10]} 20. Rab1 {[%clk 00:52:18]} {[%emt 00:05:06]} Bf5 {[%clk 01:04:46]}
{[%emt 00:02:57]} 21. Bd3 {[%clk 00:48:33]} {[%emt 00:04:15]} Qf6 {[%clk
01:03:08]} {[%emt 00:02:07]} 22. Nd2 {[%clk 00:34:43]} {[%emt 00:14:21]} Nh4
{[%clk 00:56:50]} {[%emt 00:06:48]} 23. Ndxe4 {[%clk 00:26:19]} {[%emt
00:08:53]} dxe4 {[%clk 00:52:57]} {[%emt 00:04:24]} 24. Bf1 {[%clk 00:14:53]}
{[%emt 00:11:57]} Qg5 {[%clk 00:50:24]} {[%emt 00:03:03]} 25. Ne2 {[%clk
00:10:58]} {[%emt 00:04:24]} Bxh3 {[%clk 00:35:22]} {[%emt 00:15:32]} 26. Ng3
{[%clk 00:10:18]} {[%emt 00:01:10]} Bf5 {[%clk 00:34:20]} {[%emt 00:01:32]} 27.
Qa4 {[%clk 00:06:19]} {[%emt 00:04:29]} Bd7 {[%clk 00:26:10]} {[%emt 00:08:40]}
28. Qb3 {[%clk 00:04:01]} {[%emt 00:02:49]} Be6 {[%clk 00:16:42]} {[%emt
00:09:57]} 29. Bc4 {[%clk 00:03:33]} {[%emt 00:00:58]} h5 {[%clk 00:16:01]}
{[%emt 00:01:11]} 30. Bxe6 {[%clk 00:03:16]} {[%emt 00:00:46]} Rxe6 {[%clk
00:16:27]} {[%emt 00:00:04]} 31. Qd1 {[%clk 00:02:23]} {[%emt 00:01:23]} Rg6
{[%clk 00:14:02]} {[%emt 00:02:56]} 32. Kh2 {[%clk 00:01:19]} {[%emt 00:01:34]}
Nf5 {[%clk 00:13:06]} {[%emt 00:01:26]} 33. Qe2 {[%clk 00:00:38]} {[%emt
00:01:10]} h4 {[%clk 00:13:25]} {[%emt 00:00:11]} 34. f4 {[%clk 00:00:47]}
{[%emt 00:00:21]} hxg3+ {[%clk 00:12:53]} {[%emt 00:01:03]} 35. Kg1 {[%clk
00:01:10]} {[%emt 00:00:06]} Qh4 {[%clk 00:13:19]} {[%emt 00:00:04]} 0-1

[Event "DEM U16 2025"]
[Site "Willingen GER"]
[Date "2025.06.09"]
[Round "3"]
[White "Burkart, Lloyd Shang"]
[Black "Rose, Simeon"]
[Result "1-0"]
[Termination "normal"]
[Board "13"]
[WhiteElo "2082"]
[BlackElo "1864"]
[WhiteClock "00:03:03"]
[BlackClock "00:31:43"]
[PlyCount "129"]
[WhiteFideId "16239059"]
[BlackFideId "34625062"]
[EventCountry "GER"]
[EventRounds "9"]
[EventType "swiss"]
[EventDate "2025.06.07"]

1. d4 {[%clk 01:30:53]} {[%emt 00:00:06]} f5 {[%clk 01:30:50]} {[%emt
00:00:12]} 2. Bf4 {[%clk 01:28:04]} {[%emt 00:03:18]} Nf6 {[%clk 01:31:05]}
{[%emt 00:00:15]} 3. e3 {[%clk 01:28:28]} {[%emt 00:00:06]} d6 {[%clk
01:29:57]} {[%emt 00:01:39]} 4. Nf3 {[%clk 01:27:42]} {[%emt 00:01:15]} g6
{[%clk 01:29:09]} {[%emt 00:01:18]} 5. c4 {[%clk 01:26:40]} {[%emt 00:01:32]}
Bg7 {[%clk 01:29:05]} {[%emt 00:00:34]} 6. Nc3 {[%clk 01:25:49]} {[%emt
00:01:20]} O-O {[%clk 01:27:46]} 7. h3 {[%clk 01:21:02]} {[%emt 00:07:07]} c6
{[%clk 01:24:02]} 8. Bd3 {[%clk 01:20:11]} {[%emt 00:05:34]} Qe8 {[%clk
01:23:37]} 9. O-O {[%clk 00:52:46]} {[%emt 00:28:49]} Nbd7 {[%clk 01:20:50]}
10. Be2 {[%clk 00:51:54]} {[%emt 00:04:40]} e5 {[%clk 01:19:52]} 11. Bh2 {[%clk
00:52:12]} {[%emt 00:01:40]} a6 {[%clk 01:08:54]} 12. Qb3 {[%clk 00:48:52]}
{[%emt 00:15:18]} Kh8 {[%clk 01:06:57]} {[%emt 00:02:28]} 13. Rac1 {[%clk
00:44:48]} {[%emt 00:04:33]} b5 {[%clk 01:01:18]} {[%emt 00:06:10]} 14. cxb5
{[%clk 00:40:04]} {[%emt 00:05:14]} cxb5 {[%clk 01:00:59]} {[%emt 00:00:50]}
15. Nd5 {[%clk 00:37:09]} {[%emt 00:03:24]} Qf7 {[%clk 00:50:21]} {[%emt
00:11:08]} 16. Nc7 {[%clk 00:33:32]} {[%emt 00:04:06]} Qxb3 {[%clk 00:50:38]}
{[%emt 00:00:13]} 17. axb3 {[%clk 00:34:00]} {[%emt 00:00:03]} Ra7 {[%clk
00:50:35]} {[%emt 00:00:33]} 18. dxe5 {[%clk 00:33:56]} {[%emt 00:00:33]} dxe5
{[%clk 00:50:54]} {[%emt 00:00:11]} 19. Ne6 {[%clk 00:28:44]} {[%emt 00:05:42]}
Re8 {[%clk 00:49:51]} {[%emt 00:01:33]} 20. Nxg7 {[%clk 00:28:38]} {[%emt
00:00:37]} Kxg7 {[%clk 00:50:17]} {[%emt 00:00:05]} 21. Nxe5 {[%clk 00:27:41]}
{[%emt 00:01:25]} Nxe5 {[%clk 00:48:34]} {[%emt 00:02:12]} 22. Bxe5 {[%clk
00:28:07]} {[%emt 00:00:04]} Rxe5 {[%clk 00:47:38]} {[%emt 00:01:27]} 23. Rxc8
{[%clk 00:28:32]} {[%emt 00:00:04]} Rd5 {[%clk 00:47:07]} {[%emt 00:01:02]} 24.
Ra1 {[%clk 00:24:47]} {[%emt 00:04:15]} Rd2 {[%clk 00:45:57]} {[%emt 00:01:40]}
25. Bxb5 {[%clk 00:24:55]} {[%emt 00:00:23]} Rxb2 {[%clk 00:43:19]} {[%emt
00:03:08]} 26. Rxa6 {[%clk 00:17:48]} {[%emt 00:07:37]} Rxa6 {[%clk 00:43:43]}
{[%emt 00:00:06]} 27. Rc7+ {[%clk 00:17:23]} {[%emt 00:00:54]} Kh6 {[%clk
00:43:54]} {[%emt 00:00:11]} 28. Bxa6 {[%clk 00:17:49]} {[%emt 00:00:12]} Rxb3
{[%clk 00:43:29]} {[%emt 00:00:56]} 29. Rc2 {[%clk 00:14:07]} {[%emt 00:04:11]}
Rb6 {[%clk 00:36:15]} {[%emt 00:07:44]} 30. Be2 {[%clk 00:13:32]} {[%emt
00:01:05]} Kg5 {[%clk 00:31:43]} 31. g3 {[%clk 00:11:15]} {[%emt 00:07:50]} h5
{[%clk 00:29:17]} 32. Kg2 {[%clk 00:10:37]} {[%emt 00:04:03]} Re6 {[%clk
00:28:51]} 33. Bf3 {[%clk 00:10:04]} {[%emt 00:01:59]} Rb6 {[%clk 00:23:44]}
34. Rc6 {[%clk 00:09:14]} {[%emt 00:06:57]} Rxc6 {[%clk 00:22:40]} 35. Bxc6
{[%clk 00:09:37]} {[%emt 00:01:42]} Nh7 {[%clk 00:17:34]} 36. f3 {[%clk
00:09:01]} {[%emt 00:06:41]} Kf6 {[%clk 00:17:31]} {[%emt 00:00:33]} 37. Bd7
{[%clk 00:07:09]} {[%emt 00:02:22]} Ng5 {[%clk 00:15:24]} 38. Bc8 {[%clk
00:06:45]} {[%emt 00:03:31]} Nf7 {[%clk 00:15:03]} {[%emt 00:00:52]} 39. Bd7
{[%clk 00:05:45]} {[%emt 00:01:29]} Ne5 {[%clk 00:15:06]} {[%emt 00:00:28]} 40.
Bc8 {[%clk 00:05:35]} {[%emt 00:00:38]} Nf7 {[%clk 00:13:09]} {[%emt 00:02:28]}
41. Kf2 {[%clk 00:03:53]} {[%emt 00:02:12]} Ng5 {[%clk 00:10:54]} 42. f4 {[%clk
00:01:17]} {[%emt 00:05:51]} Ne4+ {[%clk 00:09:17]} {[%emt 00:02:07]} 43. Kf3
{[%clk 00:01:12]} {[%emt 00:00:34]} Nd2+ {[%clk 00:09:03]} {[%emt 00:00:45]}
44. Kg2 {[%clk 00:00:55]} {[%emt 00:00:47]} Nc4 {[%clk 00:09:09]} {[%emt
00:00:24]} 45. Kf2 {[%clk 00:30:20]} {[%emt 00:01:05]} Nd6 {[%clk 00:39:29]}
{[%emt 00:00:10]} 46. Ba6 {[%clk 00:30:09]} {[%emt 00:00:41]} Ne4+ {[%clk
00:39:41]} {[%emt 00:00:18]} 47. Kf3 {[%clk 00:29:44]} {[%emt 00:00:55]} Nc5
{[%clk 00:39:46]} {[%emt 00:00:23]} 48. Bc4 {[%clk 00:27:52]} {[%emt 00:02:23]}
Ne4
{[%clk 00:39:49]} {[%emt 00:00:29]} 49. Bd5 {[%clk 00:27:54]} {[%emt 00:00:28]}
Nc3 {[%clk 00:39:53]} {[%emt 00:03:09]} 50. Bc6 {[%clk 00:27:44]} {[%emt
00:00:39]} Na2 {[%clk 00:37:27]} {[%emt 00:02:54]} 51. g4 {[%clk 00:24:39]}
{[%emt 00:03:37]} hxg4+ {[%clk 00:36:44]} {[%emt 00:01:13]} 52. hxg4 {[%clk
00:24:06]} {[%emt 00:01:04]} Nb4 {[%clk 00:35:04]} {[%emt 00:02:11]} 53. g5+
{[%clk 00:21:15]} {[%emt 00:03:20]} Kg7 {[%clk 00:35:21]} {[%emt 00:00:12]} 54.
Bb7 {[%clk 00:21:31]} {[%emt 00:00:13]} Nd3 {[%clk 00:35:24]} {[%emt 00:00:28]}
55. Ke2 {[%clk 00:21:20]} {[%emt 00:00:41]} Nc5 {[%clk 00:34:45]} {[%emt
00:01:11]} 56. Bc6 {[%clk 00:21:34]} {[%emt 00:00:15]} Ne6 {[%clk 00:33:58]}
{[%emt 00:01:17]} 57. Kd3 {[%clk 00:21:31]} {[%emt 00:00:33]} Nc5+ {[%clk
00:30:35]} {[%emt 00:03:53]} 58. Kc4 {[%clk 00:20:46]} {[%emt 00:01:15]} Ne6
{[%clk 00:30:56]} {[%emt 00:00:09]} 59. Kd5 {[%clk 00:20:15]} {[%emt 00:01:00]}
Nf8 {[%clk 00:31:11]} {[%emt 00:00:15]} 60. Be8 {[%clk 00:17:51]} {[%emt
00:02:54]} Nh7 {[%clk 00:30:58]} {[%emt 00:00:43]} 61. Ke6 {[%clk 00:16:47]}
{[%emt 00:01:33]} Nf8+ {[%clk 00:31:14]} {[%emt 00:00:15]} 62. Ke5 {[%clk
00:17:08]} {[%emt 00:00:09]} Nh7 {[%clk 00:31:30]} {[%emt 00:00:14]} 63. Bd7
{[%clk 00:14:55]} {[%emt 00:02:42]} Nf8 {[%clk 00:31:50]} {[%emt 00:00:12]} 64.
Be6 {[%clk 00:13:50]} {[%emt 00:01:34]} Nh7 {[%clk 00:31:52]} {[%emt 00:00:29]}
65. Bxf5 {[%clk 00:14:04]} {[%emt 00:00:17]} gxf5 {[%clk 00:32:11]} {[%emt
00:00:10]} 66. Kxf5 {[%clk 00:14:28]} {[%emt 00:00:06]} Nf8 {[%clk 00:31:43]}
{[%emt 00:00:59]} 67. e4 {[%clk 00:14:37]} {[%emt 00:00:20]} Kg8 {[%emt
00:27:23]} 68. Kf6 {[%clk 00:03:03]} {[%emt 00:00:47]} Nd7+ {[%clk 00:09:11]}
{[%emt 00:01:00]} 69. Kg6 {[%clk 00:03:54]} Nf8+ {[%emt 00:07:59]} 70. Kh5 Kf7
{[%clk 00:08:05]} {[%emt 00:00:41]} 71. f5 {[%clk 00:03:35]} {[%emt 00:00:49]}
Nd7 {[%clk 00:07:07]} {[%emt 00:01:29]} 72. g6+ {[%clk 00:04:01]} {[%emt
00:00:04]} Kf6 {[%clk 00:06:14]} {[%emt 00:01:24]} 73. Kh6 {[%clk 00:04:04]}
{[%emt 00:00:27]} Ke5 {[%clk 00:03:47]} {[%emt 00:02:58]} 74. g7 {[%clk
00:02:56]} {[%emt 00:01:37]} Nf6 {[%clk 00:04:10]} {[%emt 00:00:06]} 75. Kg6
{[%clk 00:02:59]} {[%emt 00:00:27]} Ng8 {[%clk 00:03:56]} {[%emt 00:00:45]} 76.
Kf7 {[%clk 00:01:47]} {[%emt 00:01:42]} Nh6+ {[%clk 00:04:18]} {[%emt
00:00:08]} 77. Kf8 {[%clk 00:01:25]} {[%emt 00:00:52]} Kxe4 {[%clk 00:01:40]}
{[%emt 00:03:08]} 78. f6 {[%clk 00:01:36]} {[%emt 00:00:18]} Ke5 {[%clk
00:01:10]} {[%emt 00:01:01]} 79. f7 {[%clk 00:01:55]} {[%emt 00:00:12]} Kf6
{[%clk 00:01:06]} {[%emt 00:00:33]} 80. g8=Q {[%clk 00:02:12]} {[%emt
00:00:12]} Nxg8 {[%clk 00:01:24]} {[%emt 00:00:13]} 81. fxg8=Q {[%clk
00:02:30]} {[%emt 00:00:12]} Ke5 {[%clk 00:01:49]} {[%emt 00:00:06]} 82. Qg6
{[%clk 00:02:47]} {[%emt 00:00:12]} Kd4 {[%clk 00:02:14]} {[%emt 00:00:06]} 83.
Qf5 {[%clk 00:03:12]} {[%emt 00:00:04]} Ke3 {[%clk 00:02:35]} {[%emt 00:00:09]}
84. Qg4 {[%clk 00:03:37]} {[%emt 00:00:04]} Kd3 {[%emt 00:00:11]} 85. Ke7
{[%clk 00:04:02]} Ke3 {[%clk 00:03:24]} {[%emt 00:00:06]} 86. Kd6 {[%clk
00:04:26]} {[%emt 00:00:06]} Kd3 {[%clk 00:03:50]} {[%emt 00:00:04]} 87. Kd5
{[%clk 00:04:48]} {[%emt 00:00:07]} Ke3 {[%clk 00:04:17]} {[%emt 00:00:04]} 88.
Qe4+ {[%clk 00:05:11]} {[%emt 00:00:06]} Kf2 {[%clk 00:04:43]} {[%emt
00:00:05]} 89. Qd3 {[%clk 00:05:37]} {[%emt 00:00:04]} Kg2 {[%clk 00:05:26]}
{[%emt 00:00:22]} 90. Ke4 Kg1 {[%clk 00:05:53]} {[%emt 00:00:38]} 91. Qe2
{[%clk 00:06:15]} {[%emt 00:00:10]} Kh1 {[%clk 00:06:20]} {[%emt 00:00:05]} 92.
Kf3 {[%clk 00:06:41]} {[%emt 00:00:03]} Kg1 {[%clk 00:06:45]} {[%emt 00:00:05]}
93. Qg2# {[%emt 00:00:08]} 1-0

[Event "DEM U16 2025"]
[Site "Willingen GER"]
[Date "2025.06.09"]
[Round "3"]
[White "Sickmann, Lisa"]
[Black "Khachaturyan, Konstantin"]
[Result "1-0"]
[Termination "normal"]
[Board "14"]
[WhiteTitle "WFM"]
[WhiteElo "1974"]
[BlackElo "1800"]
[WhiteClock "01:10:46"]
[BlackClock "00:07:57"]
[PlyCount "46"]
[WhiteFideId "16267818"]
[BlackFideId "16239083"]
[EventCountry "GER"]
[EventRounds "9"]
[EventType "swiss"]
[EventDate "2025.06.07"]

1. e4 {[%clk 01:30:59]} c6 {[%clk 01:30:54]} {[%emt 00:00:07]} 2. d4 {[%clk
01:31:26]} {[%emt 00:00:03]} d5 {[%clk 01:31:21]} {[%emt 00:00:03]} 3. e5
{[%clk 01:31:52]} {[%emt 00:00:03]} Bf5 {[%clk 01:31:47]} {[%emt 00:00:04]} 4.
h4 {[%clk 01:32:20]} {[%emt 00:00:03]} h5 {[%clk 01:32:11]} {[%emt 00:00:07]}
5. Bg5 {[%clk 01:32:45]} {[%emt 00:00:05]} Qc7 {[%clk 01:29:54]} {[%emt
00:02:47]} 6. Bd3 {[%clk 01:32:26]} {[%emt 00:00:49]} Bxd3 {[%clk 01:30:09]}
{[%emt 00:00:16]} 7. Qxd3 {[%clk 01:32:07]} {[%emt 00:00:48]} e6 {[%clk
01:30:18]} {[%emt 00:00:21]} 8. Nf3 {[%clk 01:31:06]} {[%emt 00:01:30]} Ne7
{[%clk 01:28:37]} {[%emt 00:02:11]} 9. Nbd2 {[%clk 01:30:38]} {[%emt 00:00:58]}
Nf5 {[%clk 01:28:35]} {[%emt 00:00:33]} 10. O-O {[%clk 01:29:17]} {[%emt
00:01:50]} Be7 {[%clk 01:28:35]} {[%emt 00:00:30]} 11. c4 {[%clk 01:26:10]}
{[%emt 00:03:38]} O-O {[%clk 01:19:32]} {[%emt 00:09:33]} 12. c5 {[%clk
01:21:09]} {[%emt 00:05:31]} Nd7 {[%clk 01:11:32]} {[%emt 00:08:30]} 13. Rfe1
{[%clk 01:18:59]} {[%emt 00:02:39]} b6 {[%clk 01:06:24]} {[%emt 00:05:39]} 14.
b4 {[%clk 01:18:02]} {[%emt 00:01:28]} a5 {[%clk 00:53:35]} {[%emt 00:13:18]}
15. a3 {[%clk 01:17:47]} {[%emt 00:00:44]} b5 {[%clk 00:52:51]} {[%emt
00:01:15]} 16. Nf1 {[%clk 01:17:48]} {[%emt 00:00:29]} g6 {[%clk 00:43:41]}
{[%emt 00:09:40]} 17. Ne3 {[%clk 01:16:51]} {[%emt 00:01:26]} Bxg5 {[%clk
00:30:27]} {[%emt 00:13:44]} 18. Nxf5 {[%clk 01:16:22]} {[%emt 00:01:00]} Bd8
{[%clk 00:29:43]} {[%emt 00:01:14]} 19. Nd6 {[%clk 01:15:19]} {[%emt 00:01:32]}
a4 {[%clk 00:26:26]} {[%emt 00:03:48]} 20. Kh1 {[%clk 01:13:44]} {[%emt
00:02:04]} Kg7 {[%clk 00:21:36]} {[%emt 00:05:20]} 21. Rg1 {[%clk 01:11:56]}
{[%emt 00:02:18]} Rh8 {[%clk 00:19:29]} {[%emt 00:02:37]} 22. g4 {[%clk
01:11:02]} {[%emt 00:01:24]} Nb8 {[%clk 00:10:06]} {[%emt 00:09:53]} 23. gxh5
{[%clk 01:10:46]} {[%emt 00:00:46]} Rh6 {[%clk 00:07:57]} {[%emt 00:02:40]} 1-0